Catalog

Record Details

Catalog Search



Available copies

  • 1 of 1 copy available at LARL/NWRL Consortium.

Current holds

0 current holds with 1 total copy.

Show Only Available Copies
Location Call Number / Copy Notes Barcode Shelving Location Status Due Date
Greenbush Public Library j 796 BIR (Text) 35500005149867 Main Available -

Record details

  • ISBN: 9781926973609 (bound)
  • ISBN: 1926973607 (bound)
  • ISBN: 9781926973616 (pbk.)
  • ISBN: 1926973615 (pbk.)
  • Physical Description: 128 p. : ill. ; 19 cm.
  • Publisher: Toronto : Owlkids Books, 2013.

Content descriptions

General Note:
Includes index.
Additional Physical Form available Note:
Issued also in electronic format.
Subject: Sports > Juvenile literature.
LDR 01109cam a22003498a 4500
001151757
003LARL_NWRL_CONSORTIUM
00520130425115515.0
008120831s2013 onca j 001 0 eng
016 . ‡a20129054178
020 . ‡a9781926973609 (bound)
020 . ‡a1926973607 (bound)
020 . ‡a9781926973616 (pbk.)
020 . ‡a1926973615 (pbk.)
035 . ‡a(OCoLC)810121476
049 . ‡aNRGI
055 0. ‡aGV705.4 ‡bB57 2013
08204. ‡aj796.1 ‡223
1001 . ‡aBirmingham, Maria.
24510. ‡aWeird zone : ‡bsports / ‡cwritten by Maria Birmingham.
260 . ‡aToronto : ‡bOwlkids Books, ‡c2013.
300 . ‡a128 p. : ‡bill. ; ‡c19 cm.
4900 . ‡aWeird zone
500 . ‡aIncludes index.
530 . ‡aIssued also in electronic format.
650 0. ‡aSports ‡vJuvenile literature. ‡0(LARL_NWRL_CONSORTIUM)167525
901 . ‡a151757 ‡bOCLC ‡c151757 ‡tbiblio

Additional Resources